| 000 -LEADER |
| fixed length control field |
00881nam a22001457a 4500 |
| 008 - FIXED-LENGTH DATA ELEMENTS--GENERAL INFORMATION |
| fixed length control field |
210928b ||||| |||| 00| 0 eng d |
| 100 ## - MAIN ENTRY--PERSONAL NAME |
| Personal name |
Saxena, Jagdeep |
| 245 ## - TITLE STATEMENT |
| Title |
Drivers of inclusive rural growth |
| 260 ## - PUBLICATION, DISTRIBUTION, ETC. (IMPRINT) |
| Place of publication, distribution, etc |
Kurukshetra |
| 300 ## - PHYSICAL DESCRIPTION |
| Extent |
69(8), Jun, 2021: p.5-9 |
| 520 ## - SUMMARY, ETC. |
| Summary, etc |
Currently, India is the fifth largest economy of the world having net worth of 2.94 trillion dollar, but the Government has set a goal to become a five trillion dollar economy by 2025. To achieve this, India has set a target of one trillion dollar from agriculture, three trillion dollar from services and one trillion dollar from manufacturing sector. The rural economy of India generates about half of the national income and more than two- third of the employment is generated in the rural areas. – Reproduced |
| 773 ## - HOST ITEM ENTRY |
| Main entry heading |
Kurukshetra |
| 906 ## - LOCAL DATA ELEMENT F, LDF (RLIN) |
| Subject DIP |
RURAL DEVELOPMENT |
| 942 ## - ADDED ENTRY ELEMENTS (KOHA) |
| Item type |
Articles |